| 000 | 00674nam a22002057a 4500 | ||
|---|---|---|---|
| 005 | 20240925155658.0 | ||
| 010 | _aENG-141785 | ||
| 020 |
_a9789356845374 _c200.00 |
||
| 035 | _aEN-125317 | ||
| 037 | _bDBAD | ||
| 082 | _a509.2 | ||
| 100 |
_aManu, Prakash _971974 |
||
| 245 |
_a51 Pioneer Scientists of India/ _cBy Prakash Manu |
||
| 250 | _a1 | ||
| 260 |
_aNew Delhi _bDiamond Pocket Books _c2024 |
||
| 270 |
_aX- 30, Okhla Industrial Area, Phase-II _bNew Delhi _e110020 _mwecare@diamondbooks.in _k011-40712100 _k011-41611861 |
||
| 300 |
_a160p. _c22cm(pb) |
||
| 500 | _aLife Stories of Epoch-Making Scientists of India | ||
| 942 |
_2ddc _cEN _h509.2 _mMAN |
||
| 999 |
_c205904 _d205904 |
||